000 00495nam a2200217Ia 4500
003 IT-RoPAU
008 120407s9999 xx 000 0 und d
040 _aIT-RoPAU
040 _cIT-RoPAU
041 _aita
100 _aGiacomo Alberione
245 _aBrevi meditazioni per ogni giorno dell’anno.
250 _aAlba
260 _a"Soc. Apostolato Stampa "
260 _c1948
300 _c16,5 cm
490 _aI libri della vita
490 _v1
942 _cBK
999 _c23714
_d23714